| 000 | 00338nam a22001337a 4500 | ||
|---|---|---|---|
| 005 | 20250605105600.0 | ||
| 008 | 250605b |||||||| |||| 00| 0 eng d | ||
| 020 | _a0801005975 | ||
| 100 | _aBUTTRICK GEORGE A. | ||
| 245 | _aTHE PARABLES OF JESUS | ||
| 260 |
_aMICHIGAN _bBAKER BOOK HOUSE _cc1928 |
||
| 300 | _axxx, 274p | ||
| 942 |
_2lcc _cBK _n0 |
||
| 999 |
_c6297 _d6297 |
||